000 00515nam a22002051 4500
001 sa 68000716
003 DLC
005 20260227112426.0
008 710901s1964 ii a 00000 eng
010 _asa 68000716
025 _aPL480:I-E-8775
043 _aa-ii---
050 0 _aDS498
_b.B75
100 1 0 _aBraganza, Alfred.
245 1 4 _aThe discovery of Goa.
260 0 _a[Bombay]
_bBrooks Publications
_c[1964]
300 _a116 p.
_billus.
_c22 cm.
350 _aRs2
_aRs7 (library ed.)
651 0 _aGoa.
999 _c77411
_d77411